[Event "PWC Toronto op"]
[Site "Toronto CAN"]
[Date "2009.04.18"]
[Round "2"]
[White "Noritsyn, Nikolay"]
[Black "Masse, Hugues"]
[Result "1-0"]
[WhiteElo "2381"]
[BlackElo "2220"]
[PlyCount "73"]
[EventDate "2009.04.17"]
[EventType "swiss"]
[EventRounds "5"]
[EventCountry "CAN"]
[Source "Mark Crowther"]
[SourceDate "2009.04.20"]

1. Nf3 Nf6 2. c4 g6 3. Nc3 d5 4. cxd5 Nxd5 5. h4 h6 6. Qb3 Nb6 7. Ne5 Be6 8.
Qc2 N8d7 9. d4 Nxe5 10. dxe5 c6 11. e4 Qc7 12. f4 O-O-O 13. Be3 Kb8 14. Rc1 Rd7
15. Qf2 Bg4 16. a4 e6 17. a5 Nc8 18. a6 b6 19. Bc4 Bb4 20. O-O Rhd8 21. Qg3 h5
22. Nb5 cxb5 23. Bxb5 Bc5 24. b4 Bxb4 25. Rxc7 Rxc7 26. Kh2 Ne7 27. Qf2 Rdc8
28. Qb2 Bc5 29. Bxc5 Rxc5 30. Rf2 Rc1 31. Rd2 Ng8 32. Rd7 R1c2 33. Qd4 Bf3 34.
Qd6+ Ka8 35. Bc6+ R2xc6 36. Qxc6+ Rxc6 37. Rd8+ 1-0

[Event "PWC Toronto op"]
[Site "Toronto CAN"]
[Date "2009.04.19"]
[Round "4"]
[White "Noritsyn, Nikolay"]
[Black "Urquhart, Eddie"]
[Result "1-0"]
[WhiteElo "2381"]
[BlackElo "2209"]
[PlyCount "113"]
[EventDate "2009.04.17"]
[EventType "swiss"]
[EventRounds "5"]
[EventCountry "CAN"]
[Source "Mark Crowther"]
[SourceDate "2009.04.20"]

1. c4 Nf6 2. Nc3 c5 3. Nf3 b6 4. e4 d6 5. d4 cxd4 6. Nxd4 Bb7 7. f3 e6 8. Be2
Be7 9. O-O O-O 10. Be3 a6 11. Qd2 Nbd7 12. Rfd1 Qc7 13. Rac1 Rac8 14. Bf1 Qb8
15. Qf2 Bd8 16. Kh1 Bc7 17. Qh4 Kh8 18. Bg5 Bd8 19. Qh3 Rc5 20. Be3 Rh5 21. Qg3
Bc7 22. Nde2 d5 23. Bf4 e5 24. Bg5 dxe4 25. fxe4 h6 26. Be3 Nc5 27. Bxc5 bxc5
28. Qf3 Rh4 29. Ng3 Bc8 30. Rd2 Ba5 31. h3 Rf4 32. Qe3 Bxc3 33. Rxc3 Nxe4 34.
Nxe4 Rxf1+ 35. Kh2 Rb1 36. Rb3 Qa8 37. Nd6 f6 38. Qxc5 Be6 39. Rb7 Rd8 40. Ra7
Qb8 41. Re7 Bg8 42. b3 Rf1 43. Rc7 e4 44. Nxe4 Rxd2 45. Nxd2 Re1 46. Qd6 Qe8
47. Nf3 Re2 48. Qg3 Bf7 49. Qg4 Kh7 50. Qf5+ Bg6 51. Qxf6 Qg8 52. Nd4 Re8 53.
Nf5 Bxf5 54. Qxf5+ Kh8 55. Qf7 Qxf7 56. Rxf7 Re2 57. a4 1-0

[Event "PWC Toronto op"]
[Site "Toronto CAN"]
[Date "2009.04.19"]
[Round "5"]
[White "Puri, Vinny"]
[Black "Noritsyn, Nikolay"]
[Result "0-1"]
[WhiteElo "2235"]
[BlackElo "2381"]
[PlyCount "54"]
[EventDate "2009.04.17"]
[EventType "swiss"]
[EventRounds "5"]
[EventCountry "CAN"]
[Source "Mark Crowther"]
[SourceDate "2009.04.20"]

1. d4 Nf6 2. c4 c5 3. d5 d6 4. Nc3 g6 5. e4 Bg7 6. Be2 O-O 7. Nf3 e5 8. O-O Ne8
9. Ne1 f5 10. f4 exf4 11. Rxf4 g5 12. Rf1 f4 13. Bg4 Bd4+ 14. Kh1 Bxc3 15. bxc3
Nf6 16. Bxc8 Qxc8 17. Nd3 Nbd7 18. g3 Qe8 19. gxf4 Qxe4+ 20. Qf3 Qxc4 21. Rg1
Ne4 22. Nb2 Qxd5 23. Be3 Kh8 24. Rg2 Ne5 25. Qh5 gxf4 26. Qh6 Ng4 27. Rxg4 Nf2+
0-1

[Event "CAN-ch"]
[Site "Kitchener CAN"]
[Date "2007.08.01"]
[Round "1"]
[White "Noritsyn, Nikolay"]
[Black "Guo, Joshua"]
[Result "1-0"]
[WhiteElo "2336"]
[BlackElo "2214"]
[PlyCount "85"]
[EventDate "2007.08.01"]
[EventType "swiss"]
[EventRounds "9"]
[EventCountry "CAN"]

1. e4 c5 2. Nf3 d6 3. d4 cxd4 4. Nxd4 Nf6 5. Bd3 Nc6 6. Nb3 g6 7. O-O Bg7 8. c4
O-O 9. Nc3 Ne5 10. Bg5 Be6 11. Nd5 Rc8 12. Rc1 Bxd5 13. exd5 Nxd3 14. Qxd3 Nd7
15. Qe2 Re8 16. Rfe1 Bf6 17. Be3 a6 18. Red1 Nc5 19. Nxc5 dxc5 20. Rb1 Qd6 21.
g3 a5 22. Qf3 b6 23. a3 e5 24. dxe6 Qxe6 25. b3 Rcd8 26. Kg2 Bd4 27. Bf4 Rd7
28. Bh6 Qe4 29. Re1 Qxf3+ 30. Kxf3 Rde7 31. Rxe7 Rxe7 32. g4 f6 33. Rd1 Kf7 34.
Bf4 Be5 35. Bxe5 Rxe5 36. Rd8 Re8 37. Rxe8 Kxe8 38. Ke4 Kd7 39. Kd5 g5 40. h3
h6 41. a4 Ke7 42. Kc6 f5 43. Kxb6 1-0

[Event "CAN-ch"]
[Site "Kitchener CAN"]
[Date "2007.08.01"]
[Round "1"]
[White "Stevens, Christian"]
[Black "Noritsyn, Nikolay"]
[Result "1/2-1/2"]
[WhiteElo "2288"]
[BlackElo "2336"]
[PlyCount "39"]
[EventDate "2007.08.01"]
[EventType "swiss"]
[EventRounds "9"]
[EventCountry "CAN"]

1. d4 Nf6 2. Bg5 e6 3. Nf3 h6 4. Bh4 Be7 5. Nbd2 d5 6. c3 Nbd7 7. e3 c5 8. Bd3
b6 9. Ne5 Nxe5 10. dxe5 Nd7 11. Bxe7 Qxe7 12. f4 Bb7 13. Qe2 O-O-O 14. O-O f6
15. exf6 gxf6 16. Ba6 Nb8 17. Bxb7+ Kxb7 18. e4 Nc6 19. a4 Qc7 20. f5 1/2-1/2

[Event "CAN-ch"]
[Site "Kitchener CAN"]
[Date "2007.08.03"]
[Round "5"]
[White "Noritsyn, Nikolay"]
[Black "Livshits, Ron"]
[Result "1/2-1/2"]
[WhiteElo "2336"]
[BlackElo "2316"]
[PlyCount "81"]
[EventDate "2007.08.01"]
[EventType "swiss"]
[EventRounds "9"]
[EventCountry "CAN"]

1. e4 e5 2. Nf3 Nc6 3. Bb5 a6 4. Ba4 Nf6 5. d3 b5 6. Bb3 Be7 7. O-O d6 8. c3
O-O 9. Nbd2 h6 10. Re1 Re8 11. Nf1 Bf8 12. Ng3 Na5 13. Bc2 c5 14. h3 Nc6 15. d4
Qc7 16. dxc5 dxc5 17. Nh2 Ne7 18. Qf3 Ng6 19. Nf5 Qc6 20. Ng4 Bxf5 21. Nxf6+
Qxf6 22. exf5 Ne7 23. Be3 Rac8 24. Be4 Rc7 25. a4 Nc8 26. axb5 axb5 27. Red1
Rd8 28. Rxd8 Qxd8 29. Ra8 Qe7 30. Rb8 Nd6 31. Qg4 Qf6 32. b4 cxb4 33. cxb4 Rc4
34. f3 Rxb4 35. Bc5 Rc4 36. Ba3 Rc8 37. Rb6 Qd8 38. Rxd6 Bxd6 39. f6 Bf8 40.
Kh2 Rc4 41. Be7 1/2-1/2

[Event "CAN-ch"]
[Site "Kitchener CAN"]
[Date "2007.08.03"]
[Round "7"]
[White "Noritsyn, Nikolay"]
[Black "Hamilton, Robert"]
[Result "1-0"]
[WhiteElo "2336"]
[BlackElo "2287"]
[PlyCount "89"]
[EventDate "2007.08.01"]
[EventType "swiss"]
[EventRounds "9"]
[EventCountry "CAN"]

1. c4 e5 2. Nc3 Nc6 3. g3 f5 4. Bg2 Nf6 5. e3 e4 6. d3 Ne5 7. dxe4 fxe4 8. Nxe4
Bb4+ 9. Bd2 Nd3+ 10. Ke2 Nxe4 11. Bxe4 Nxb2 12. Qb3 Bxd2 13. Kxd2 d5 14. cxd5
O-O 15. f3 c6 16. Qxb2 cxd5 17. Bd3 d4 18. exd4 Be6 19. Be4 Qa5+ 20. Qc3 Qa4
21. Ne2 Rac8 22. Qb2 Rc4 23. Rhc1 Rb4 24. Qc2 Qa3 25. Qc3 Qa4 26. Ke1 Rc4 27.
Qd2 b5 28. Kf2 Rd8 29. Qg5 Qa5 30. d5 Bf7 31. Rxc4 bxc4 32. Rc1 Qb6+ 33. Qe3
Qa6 34. Qd4 Rc8 35. Nc3 Qh6 36. Rh1 Rb8 37. Ne2 Qa6 38. Rc1 Rc8 39. Rc2 c3 40.
Rxc3 Rb8 41. Rc2 Be8 42. d6 Rd8 43. Rd2 Kh8 44. Qc5 Rc8 45. d7 1-0

[Event "CAN-ch"]
[Site "Kitchener CAN"]
[Date "2007.08.05"]
[Round "8"]
[White "Barron, Michael"]
[Black "Noritsyn, Nikolay"]
[Result "1/2-1/2"]
[WhiteElo "2228"]
[BlackElo "2336"]
[PlyCount "80"]
[EventDate "2007.08.01"]
[EventType "swiss"]
[EventRounds "9"]
[EventCountry "CAN"]

1. e4 c5 2. Nf3 Nc6 3. d4 cxd4 4. Nxd4 g6 5. c4 Bg7 6. Be3 Qb6 7. Nb5 Qa5+ 8.
N1c3 Nf6 9. f3 a6 10. Nd4 O-O 11. Qd2 Nh5 12. Rd1 Nxd4 13. Bxd4 Bxd4 14. Qxd4
d6 15. Qd2 Be6 16. Nd5 Qxd2+ 17. Kxd2 Bxd5 18. cxd5 f5 19. Ke3 fxe4 20. fxe4
Rac8 21. Bd3 Nf6 22. h3 Rc5 23. Rc1 Rfc8 24. Kd2 Kg7 25. Rc3 Rxc3 26. bxc3 Nd7
27. Rf1 Ne5 28. Be2 Rc5 29. Kc2 Ra5 30. Kb3 b5 31. Rd1 Nd7 32. Kb2 Nc5 33. e5
dxe5 34. d6 exd6 35. Rxd6 Ra4 36. Rd5 Re4 37. Bxb5 axb5 38. Rxc5 Re2+ 39. Kb3
Kf6 40. g4 Re1 1/2-1/2

[Event "CAN-ch"]
[Site "Kitchener CAN"]
[Date "2007.08.05"]
[Round "9"]
[White "Noritsyn, Nikolay"]
[Black "Thavandiran, Shiyam"]
[Result "1/2-1/2"]
[WhiteElo "2336"]
[BlackElo "2269"]
[PlyCount "149"]
[EventDate "2007.08.01"]
[EventType "swiss"]
[EventRounds "9"]
[EventCountry "CAN"]

1. c4 e5 2. Nc3 Bb4 3. e4 Bxc3 4. dxc3 d6 5. Ne2 Ne7 6. Ng3 Nbc6 7. Bd3 Be6 8.
Nf5 Bxf5 9. exf5 Qd7 10. Qf3 Ng8 11. Bg5 f6 12. Be3 O-O-O 13. Be4 Nge7 14.
O-O-O g6 15. g4 h5 16. h3 hxg4 17. hxg4 g5 18. Rxh8 Rxh8 19. c5 d5 20. Bxd5
Nxd5 21. Rxd5 Qf7 22. b3 Rh4 23. Rd2 a5 24. Qe4 Rh8 25. Kc2 Rd8 26. Rxd8+ Kxd8
27. Qd3+ Ke8 28. a4 Qd7 29. Qxd7+ Kxd7 30. Kd3 Ne7 31. Kc4 c6 32. Bd2 Kc7 33.
Kd3 Nd5 34. b4 axb4 35. cxb4 Kb8 36. b5 Kc8 37. Kc4 Kd7 38. Kd3 Kc8 39. b6 Kd7
40. a5 Kc8 41. Ke4 Kd7 42. f3 Nf4 43. Bc3 Nd5 44. Bd2 Nf4 45. Bc3 Nd5 46. Be1
Nf4 47. Bg3 Nd5 48. Bh2 Nc3+ 49. Kd3 Nd5 50. Bg1 Nf4+ 51. Kc4 Nd5 52. Bf2 Nf4
53. Kc3 Kc8 54. Kd2 Kd8 55. Ke3 Nd5+ 56. Ke4 Nb4 57. Bg3 Ke7 58. Be1 Na6 59.
Kd3 Ke8 60. Kc4 Ke7 61. Bc3 Nb8 62. Bb4 Na6 63. Ba3 Kd7 64. Kd3 Ke8 65. Kc4 Kd8
66. Bc1 Ke8 67. Bb2 Kd8 68. Bc3 Ke7 69. Bd2 Ke8 70. Kd3 Kd7 71. Be3 Ke8 72. Bc1
Kd8 73. Ba3 Kd7 74. Ke4 Ke7 75. Kd3 1/2-1/2

[Event "CAN-op"]
[Site "Ottawa CAN"]
[Date "2007.07.07"]
[Round "1"]
[White "Jiang, Louie"]
[Black "Noritsyn, Nikolay"]
[Result "0-1"]
[WhiteElo "2245"]
[BlackElo "2354"]
[PlyCount "68"]
[EventDate "2007.07.07"]
[EventType "swiss"]
[EventRounds "10"]
[EventCountry "CAN"]

1. e4 c5 2. Nf3 Nc6 3. d4 cxd4 4. Nxd4 g6 5. Nc3 Bg7 6. Be3 Nf6 7. Be2 O-O 8.
Nb3 d6 9. O-O Be6 10. f4 a6 11. a4 Rc8 12. Qe1 Bxb3 13. cxb3 Na5 14. Ra3 d5 15.
b4 Nc4 16. Bxc4 Rxc4 17. e5 d4 18. Qe2 Nd5 19. Nxd5 Qxd5 20. Rd1 f6 21. Qd2
fxe5 22. fxe5 Qxe5 23. Bf2 Qd5 24. Rg3 e5 25. h4 Qe4 26. Re1 Qc2 27. Qxc2 Rxc2
28. Rf1 e4 29. h5 e3 30. Be1 Rxf1+ 31. Kxf1 gxh5 32. Bc3 dxc3 33. bxc3 e2+ 34.
Ke1 Kh8 0-1

[Event "CAN-op"]
[Site "Ottawa CAN"]
[Date "2007.07.08"]
[Round "3"]
[White "Noritsyn, Nikolay"]
[Black "Xiong, Jerry"]
[Result "1-0"]
[WhiteElo "2354"]
[BlackElo "2227"]
[PlyCount "87"]
[EventDate "2007.07.07"]
[EventType "swiss"]
[EventRounds "10"]
[EventCountry "CAN"]

1. c4 c5 2. Nc3 e6 3. Nf3 Nc6 4. g3 d5 5. cxd5 exd5 6. d4 Be6 7. Bg2 Nf6 8. O-O
Rc8 9. Bg5 cxd4 10. Nxd4 Be7 11. Nxe6 fxe6 12. Bh3 d4 13. Bxf6 Bxf6 14. Ne4 Qe7
15. Qb3 Nd8 16. Qa4+ Nc6 17. Qb3 Nd8 18. Qb5+ Nc6 19. Nc5 a6 20. Qxb7 Qxb7 21.
Nxb7 Rb8 22. Bg2 Nd8 23. Nd6+ Kd7 24. Nc4 Nf7 25. Rac1 Rhc8 26. Be4 h6 27. Bd3
a5 28. b3 a4 29. bxa4 Nd6 30. Nxd6 Kxd6 31. a5 Rc3 32. a4 Ra8 33. a6 Kc5 34.
Rb1 e5 35. f3 Kd6 36. Rb6+ Kd7 37. Rb7+ Rc7 38. Rc1 Bd8 39. Bb5+ Kc8 40. Rbxc7+
Bxc7 41. Rc6 Ra7 42. Re6 Bb8 43. Re8+ Kc7 44. Kg2 1-0

[Event "CAN-op"]
[Site "Ottawa CAN"]
[Date "2007.07.09"]
[Round "4"]
[White "Rychagov, Andrey"]
[Black "Noritsyn, Nikolay"]
[Result "1/2-1/2"]
[WhiteElo "2571"]
[BlackElo "2354"]
[PlyCount "51"]
[EventDate "2007.07.07"]
[EventType "swiss"]
[EventRounds "10"]
[EventCountry "CAN"]

1. d4 Nf6 2. c4 c5 3. d5 g6 4. Nc3 d6 5. e4 Bg7 6. h3 O-O 7. Nf3 e6 8. Bd3 Na6
9. O-O Nc7 10. Re1 Re8 11. Bf4 e5 12. Bd2 Bd7 13. a3 a5 14. b4 axb4 15. axb4
Na6 16. bxc5 Nxc5 17. Bc2 Qc7 18. Be3 Ra5 19. Rxa5 Qxa5 20. Qa1 Ra8 21. Qxa5
Rxa5 22. Nd2 Ra3 23. Ndb1 Ra5 24. Nd2 Ra3 25. Ndb1 Ra5 26. Nd2 1/2-1/2

[Event "CAN-op"]
[Site "Ottawa CAN"]
[Date "2007.07.11"]
[Round "6"]
[White "Hum, Peter"]
[Black "Noritsyn, Nikolay"]
[Result "1/2-1/2"]
[WhiteElo "2156"]
[BlackElo "2446"]
[PlyCount "91"]
[EventDate "2007.07.07"]
[EventType "swiss"]
[EventRounds "10"]
[EventCountry "CAN"]

1. d4 Nf6 2. c4 c5 3. d5 a6 4. a4 e5 5. Nc3 d6 6. e4 Be7 7. g3 O-O 8. Bg2 Nbd7
9. Nge2 Ne8 10. O-O g6 11. Bh6 Ng7 12. Qd2 Nf6 13. h3 Kh8 14. Be3 Nd7 15. f4
exf4 16. gxf4 f5 17. Ng3 Bh4 18. Bf2 fxe4 19. Ncxe4 Nf6 20. Rae1 Nxe4 21. Nxe4
Bxf2+ 22. Rxf2 Bf5 23. Ng5 Qf6 24. Rfe2 Rae8 25. Rxe8 Rxe8 26. Rxe8+ Nxe8 27.
b4 h6 28. Nf3 cxb4 29. Qxb4 Qe7 30. Qc3+ Kg8 31. Nd4 Nf6 32. Nxf5 gxf5 33. Qg3+
Kf7 34. Qb3 Kg7 35. Kh2 Nh5 36. Qd3 Qh4 37. Qd4+ Kf7 38. Qb6 Qxf4+ 39. Kg1 Ng3
40. Qxb7+ Kg6 41. Qe7 Nh5 42. Qe8+ Kg5 43. Qe7+ Kg6 44. Qe8+ Kg5 45. Qe7+ Kg6
46. Qe8+ 1/2-1/2

[Event "CAN-op"]
[Site "Ottawa CAN"]
[Date "2007.07.12"]
[Round "7"]
[White "Noritsyn, Nikolay"]
[Black "Bick, John"]
[Result "1-0"]
[WhiteElo "2446"]
[BlackElo "2217"]
[PlyCount "35"]
[EventDate "2007.07.07"]
[EventType "swiss"]
[EventRounds "10"]
[EventCountry "CAN"]

1. c4 b6 2. Nc3 Bb7 3. e4 e6 4. Nf3 Bb4 5. Bd3 Ne7 6. O-O O-O 7. Bc2 d5 8. exd5
exd5 9. cxd5 Nxd5 10. d4 Ba6 11. Nxd5 Qxd5 12. Ng5 f5 13. a3 Be7 14. Re1 Bf6
15. Ne6 Rc8 16. Nf4 Qxd4 17. Bb3+ Kh8 18. Qh5 1-0

[Event "CAN-op"]
[Site "Ottawa CAN"]
[Date "2007.07.13"]
[Round "8"]
[White "Tiviakov, Sergei"]
[Black "Noritsyn, Nikolay"]
[Result "1-0"]
[WhiteElo "2648"]
[BlackElo "2446"]
[PlyCount "99"]
[EventDate "2007.07.07"]
[EventType "swiss"]
[EventRounds "10"]
[EventCountry "CAN"]

1. e4 c5 2. Nf3 Nc6 3. Bb5 d6 4. Bxc6+ bxc6 5. O-O e5 6. c3 Nf6 7. Re1 Be7 8.
d4 cxd4 9. cxd4 exd4 10. Nxd4 Bd7 11. Nc3 O-O 12. Bf4 Qb6 13. Qd2 Rfe8 14. Rad1
Rad8 15. Bg5 h6 16. Bh4 Qb7 17. b3 Qb4 18. h3 Qc5 19. f3 Qh5 20. Bf2 d5 21. e5
Nh7 22. f4 Qg6 23. Qc2 Bb4 24. Re3 c5 25. Rg3 Qxc2 26. Nxc2 d4 27. Nxb4 dxc3
28. Bxc5 a5 29. Nc2 Bf5 30. Nd4 c2 31. Rc1 Rxd4 32. Bxd4 Rd8 33. Bb2 Nf8 34.
Re3 Ne6 35. g4 Bd3 36. f5 Nf4 37. Kf2 g6 38. e6 fxe6 39. fxe6 g5 40. e7 Re8 41.
Be5 Bg6 42. Bxf4 gxf4 43. Re5 Kf7 44. Kf3 Kf6 45. Kxf4 a4 46. bxa4 Rc8 47. Re2
Rc4+ 48. Kg3 Rc3+ 49. Kh4 Rc8 50. Rcxc2 1-0

[Event "Holiday op"]
[Site "Toronto CAN"]
[Date "2006.12.28"]
[Round "3"]
[White "Henry, Liam"]
[Black "Noritsyn, Nikolay"]
[Result "1-0"]
[WhiteElo "2294"]
[BlackElo "2443"]
[PlyCount "67"]
[EventDate "2006.12.26"]
[EventType "swiss"]
[EventRounds "5"]
[EventCountry "CAN"]

1. e4 c6 2. d4 d5 3. Nc3 dxe4 4. Nxe4 Nf6 5. Nxf6+ gxf6 6. c3 Bf5 7. Nf3 Nd7 8.
g3 Qc7 9. Bg2 O-O-O 10. O-O e5 11. Re1 Bd6 12. a4 Bg4 13. b4 Rhe8 14. Qb3 exd4
15. Rxe8 Rxe8 16. cxd4 Qb6 17. Qxf7 Rf8 18. Qc4 Qxb4 19. Qd3 Qa5 20. Bd2 Qf5
21. Qb3 Qe6 22. Qb2 Nb6 23. a5 Nd5 24. a6 b6 25. Qc2 Qd7 26. Rc1 Bf5 27. Qa4
Kc7 28. Nh4 Be6 29. Nf5 Rc8 30. Nxd6 Qxd6 31. Bf4 Nxf4 32. Rxc6+ Kd7 33. Rxd6+
Kxd6 34. Qa3+ 1-0

[Event "CAN-ch"]
[Site "Toronto CAN"]
[Date "2006.08.19"]
[Round "2"]
[White "Noritsyn, Nikolay"]
[Black "Southam, David"]
[Result "1/2-1/2"]
[WhiteElo "2354"]
[BlackElo "2099"]
[PlyCount "86"]
[EventDate "2006.08.18"]
[EventType "swiss"]
[EventRounds "9"]
[EventCountry "CAN"]
[Source "Mark Crowther"]
[SourceDate "2006.08.21"]

1. c4 e6 2. Nf3 d5 3. g3 c6 4. b3 Nf6 5. Bg2 Nbd7 6. Bb2 Bd6 7. d4 O-O 8. Nbd2
Ne4 9. Nxe4 dxe4 10. Nd2 f5 11. e3 e5 12. c5 Bc7 13. Nc4 Qe7 14. b4 exd4 15.
Qxd4 Re8 16. Nd6 Bxd6 17. cxd6 Qf7 18. O-O Ne5 19. Rfd1 Bd7 20. a3 Re6 21. Rac1
b6 22. Qxe5 Rxe5 23. Bxe5 Re8 24. Bb2 h6 25. Bf1 Kh7 26. Bc4 Qh5 27. Rd2 Qh3
28. Bf1 Qh5 29. a4 Qf7 30. Bc4 Qh5 31. a5 f4 32. exf4 bxa5 33. Be2 Bg4 34. d7
Rd8 35. Bxg4 Qxg4 36. Rcd1 Qf3 37. Be5 e3 38. fxe3 Qxe3+ 39. Kg2 Rxd7 40. Rxd7
Qe2+ 41. Kh3 Qh5+ 42. Kg2 Qe2+ 43. Kh3 Qh5+ 1/2-1/2

[Event "CAN-ch"]
[Site "Toronto CAN"]
[Date "2006.08.20"]
[Round "3"]
[White "Zubac, Marius"]
[Black "Noritsyn, Nikolay"]
[Result "0-1"]
[WhiteElo "2217"]
[BlackElo "2354"]
[PlyCount "86"]
[EventDate "2006.08.18"]
[EventType "swiss"]
[EventRounds "9"]
[EventCountry "CAN"]
[Source "Mark Crowther"]
[SourceDate "2006.08.21"]

1. d4 Nf6 2. c4 c5 3. d5 a6 4. Nc3 b5 5. cxb5 axb5 6. Nxb5 Bb7 7. Nc3 e6 8. e4
Qa5 9. Bd2 Qb6 10. Bd3 exd5 11. exd5 Nxd5 12. Na4 Qc6 13. b3 Nb4 14. Bxb4 Qxg2
15. Qe2+ Kd8 16. Nxc5 Qxh1 17. O-O-O Bxc5 18. Bxc5 Qc6 19. Qe7+ Kc8 20. Kb1 Qe6
21. Qh4 Re8 22. f3 h6 23. Rc1 Nc6 24. Qf4 g5 25. Qd2 d6 26. Bb6 Kd7 27. f4 Qd5
28. Qc2 Rxa2 29. Bf5+ Ke7 30. Qe4+ Qxe4+ 31. Bxe4 Rea8 32. Ne2 Rxe2 33. Bxc6
Bxc6 34. Rxc6 Raa2 35. Bd4 Rad2 36. Rc7+ Ke6 37. Bg7 Rd1+ 38. Rc1 Rxc1+ 39.
Kxc1 Rxh2 40. fxg5 hxg5 41. b4 Kd5 42. Bf8 g4 43. b5 g3 0-1

[Event "CAN-ch"]
[Site "Toronto CAN"]
[Date "2006.08.21"]
[Round "4"]
[White "Noritsyn, Nikolay"]
[Black "Peng, David"]
[Result "1-0"]
[WhiteElo "2354"]
[BlackElo "2170"]
[PlyCount "89"]
[EventDate "2006.08.18"]
[EventType "swiss"]
[EventRounds "9"]
[EventCountry "CAN"]
[Source "Mark Crowther"]
[SourceDate "2006.08.28"]

1. c4 Nf6 2. Nc3 c6 3. e4 e5 4. Nf3 Bb4 5. Nxe5 Qe7 6. Nd3 Nxe4 7. Qe2 Nxc3 8.
dxc3 Qxe2+ 9. Bxe2 Be7 10. c5 O-O 11. Be3 d5 12. cxd6 Bxd6 13. O-O-O Nd7 14.
Rhe1 Nf6 15. Nc5 Bxc5 16. Bxc5 Re8 17. h3 Be6 18. c4 b5 19. cxb5 Ne4 20. Bd4
cxb5 21. Bxb5 Rac8+ 22. Kb1 Red8 23. Ka1 Rd5 24. Be2 Ra5 25. a3 h6 26. Bg4 Bxg4
27. hxg4 Nd6 28. Bc3 Ra6 29. Re7 Nc4 30. Rd3 Rb8 31. Ka2 Rab6 32. Re2 a5 33.
Rd4 Rc6 34. Rde4 Kh7 35. Re7 f6 36. Ra7 Rb5 37. f4 h5 38. Ree7 Nxb2 39. Rxg7+
Kh8 40. Rgc7 Rxc7 41. Rxc7 Nd1 42. Bxf6+ Kg8 43. g5 Ne3 44. g6 Rb8 45. Rh7 1-0

[Event "CAN-ch"]
[Site "Toronto CAN"]
[Date "2006.08.22"]
[Round "5"]
[White "Ademi, Sami"]
[Black "Noritsyn, Nikolay"]
[Result "1/2-1/2"]
[WhiteElo "2249"]
[BlackElo "2354"]
[PlyCount "124"]
[EventDate "2006.08.18"]
[EventType "swiss"]
[EventRounds "9"]
[EventCountry "CAN"]
[Source "Mark Crowther"]
[SourceDate "2006.08.28"]

1. e4 c5 2. Nf3 Nc6 3. d4 cxd4 4. Nxd4 g6 5. Nc3 Bg7 6. Be3 Nf6 7. Bc4 Qb6 8.
Nb3 Qc7 9. O-O O-O 10. f4 d6 11. h3 a6 12. a4 b6 13. Be2 Bb7 14. Qd2 Na5 15.
Nxa5 bxa5 16. Bf3 Rab8 17. Rab1 Ba8 18. Bd4 e5 19. Be3 Rb4 20. fxe5 dxe5 21.
Qd3 Qc6 22. Bg5 Rd4 23. Qe2 Rb8 24. Qf2 h6 25. Bxf6 Qxf6 26. b3 Rc8 27. Qe3 Qd6
28. Be2 Qc5 29. Rf3 f5 30. Bc4+ Kh8 31. Bxa6 Rcd8 32. Bc4 fxe4 33. Rg3 Rf8 34.
Nb5 Qc6 35. Nxd4 exd4 36. Qe2 Be5 37. Rg4 h5 38. Rf1 Rf6 39. Rg5 Bf4 40. Rxg6
Be3+ 41. Kh2 Qc7+ 42. g3 Rxg6 43. Qxh5+ Kg7 44. Rf7+ Qxf7 45. Bxf7 Kxf7 46.
Qh7+ Rg7 47. Qf5+ Ke7 48. Qe5+ Kf7 49. Qxa5 Rg8 50. h4 Kg7 51. Qc7+ Kh8 52.
Qe5+ Kh7 53. Qf5+ Kg7 54. Qe5+ Kh7 55. g4 Rf8 56. Qe7+ Kg8 57. g5 Rf7 58. Qe6
Kg7 59. g6 Rf6 60. Qe7+ Kxg6 61. Qe8+ Kh6 62. Qh8+ Kg6 1/2-1/2

[Event "CAN-ch"]
[Site "Toronto CAN"]
[Date "2006.08.23"]
[Round "6"]
[White "Noritsyn, Nikolay"]
[Black "Thavandiran, Shiyam"]
[Result "1-0"]
[WhiteElo "2354"]
[BlackElo "2264"]
[PlyCount "77"]
[EventDate "2006.08.18"]
[EventType "swiss"]
[EventRounds "9"]
[EventCountry "CAN"]
[Source "Mark Crowther"]
[SourceDate "2006.08.28"]

1. c4 Nf6 2. Nc3 c5 3. g3 d6 4. Bg2 g6 5. a3 Nc6 6. Rb1 Bg7 7. b4 O-O 8. d3
cxb4 9. axb4 h6 10. Bd2 a6 11. Nf3 d5 12. b5 axb5 13. cxb5 Nb8 14. O-O Nbd7 15.
Qb3 Kh8 16. Rfc1 Nb6 17. Be3 Be6 18. Qb4 Nfd7 19. Qh4 h5 20. Ng5 Bxc3 21. Nxe6
fxe6 22. Rxc3 e5 23. Qg5 Rf6 24. Bxb6 Qxb6 25. Qh6+ Kg8 26. Bxd5+ e6 27. Bf3
Raf8 28. Qe3 Qd4 29. Rc7 R8f7 30. Qxd4 exd4 31. Rxb7 Ne5 32. Rxf7 Nxf3+ 33.
exf3 Rxf7 34. f4 Kg7 35. Kg2 Kf6 36. b6 Rb7 37. Kf3 g5 38. fxg5+ Kxg5 39. Rb5+
1-0

[Event "CAN-ch"]
[Site "Toronto CAN"]
[Date "2006.08.24"]
[Round "7"]
[White "Urquhart, Eddie"]
[Black "Noritsyn, Nikolay"]
[Result "0-1"]
[WhiteElo "2212"]
[BlackElo "2354"]
[PlyCount "102"]
[EventDate "2006.08.18"]
[EventType "swiss"]
[EventRounds "9"]
[EventCountry "CAN"]
[Source "Mark Crowther"]
[SourceDate "2006.08.28"]

1. e4 c5 2. Nf3 Nc6 3. Bb5 d6 4. O-O Bd7 5. Re1 Nf6 6. c3 a6 7. Bf1 Bg4 8. d3
e6 9. Nbd2 Be7 10. h3 Bh5 11. g4 Bg6 12. Nh4 Nd7 13. Nxg6 hxg6 14. Nf3 Nde5 15.
Be3 Nxf3+ 16. Qxf3 Bg5 17. d4 cxd4 18. cxd4 Bxe3 19. Qxe3 e5 20. dxe5 dxe5 21.
Red1 Qe7 22. Rd5 O-O 23. a3 Nd4 24. Qg3 Rac8 25. Kg2 Rfe8 26. Bd3 g5 27. Kf1
Rc6 28. Rd1 Rf6 29. Be2 Rf4 30. Qe3 Rc8 31. Rc1 Rxc1+ 32. Qxc1 Qf6 33. Qe3 Nc2
34. Qg3 Rxe4 35. Qd3 Rd4 36. Rxd4 Nxd4 37. Qe4 b5 38. Bd3 g6 39. Qa8+ Kg7 40.
Be4 Qf4 41. Bd5 Nc2 42. Kg1 Qc1+ 43. Kh2 Qd2 44. Kg1 Nd4 45. Qb7 Qf4 46. Kg2 a5
47. b3 Qf6 48. Qa8 Ne2 49. Bc6 Nf4+ 50. Kg3 Nd3 51. f3 Qf4+ 0-1

[Event "CAN-ch"]
[Site "Toronto CAN"]
[Date "2006.08.25"]
[Round "8"]
[White "Noritsyn, Nikolay"]
[Black "Schleifer, Michael"]
[Result "1/2-1/2"]
[WhiteElo "2354"]
[BlackElo "2340"]
[PlyCount "105"]
[EventDate "2006.08.18"]
[EventType "swiss"]
[EventRounds "9"]
[EventCountry "CAN"]
[Source "Mark Crowther"]
[SourceDate "2006.08.28"]

1. c4 Nf6 2. Nc3 b6 3. d4 Bb7 4. f3 d5 5. cxd5 Nxd5 6. Nxd5 Qxd5 7. e4 Qd7 8.
Ne2 e6 9. Nc3 Be7 10. Bb5 c6 11. Be2 O-O 12. Be3 Rd8 13. Qb3 Qc8 14. O-O c5 15.
d5 exd5 16. Nxd5 Bxd5 17. exd5 Bd6 18. Bf2 Qc7 19. g3 Nd7 20. Ba6 Nf6 21. Rad1
Bf8 22. Rfe1 Ne8 23. Qc2 Qd7 24. a4 Nd6 25. Bf1 g6 26. a5 Bg7 27. Qd2 Rab8 28.
axb6 axb6 29. b3 Qb7 30. Kg2 Rbc8 31. Qg5 h6 32. Qf4 Ra8 33. Re2 Ra3 34. Rb1
Raa8 35. Rd2 h5 36. b4 Ra4 37. Qg5 Qc8 38. bxc5 bxc5 39. Rc2 c4 40. Rb6 c3 41.
Rc6 Qa8 42. Bb6 Rd7 43. Bd3 Ra2 44. Bf2 Rxc2 45. Bxc2 Qa2 46. Bd3 Bd4 47. Bxg6
Qxf2+ 48. Kh3 fxg6 49. Qxg6+ Rg7 50. Rc8+ Nxc8 51. Qe8+ Kh7 52. Qxh5+ Kg8 53.
Qe8+ 1/2-1/2

[Event "Montreal int. B"]
[Site "Montreal CAN"]
[Date "2006.08.08"]
[Round "1"]
[White "Noritsyn, Nikolay"]
[Black "Krnan, Tomas"]
[Result "0-1"]
[WhiteElo "2354"]
[BlackElo "2399"]
[PlyCount "80"]
[EventDate "2006.08.08"]
[EventType "tourn"]
[EventRounds "9"]
[EventCountry "CAN"]
[EventCategory "9"]

1. c4 Nf6 2. Nc3 c5 3. Nf3 Nc6 4. g3 d6 5. Bg2 g6 6. d4 cxd4 7. Nxd4 Bd7 8. b3
Bg7 9. Bb2 O-O 10. O-O Qa5 11. e3 Rac8 12. Qe2 Bg4 13. f3 Bd7 14. Rfd1 a6 15.
a3 Qb6 16. Na4 Qc7 17. c5 Nxd4 18. Bxd4 Bb5 19. Qb2 dxc5 20. Be5 Ne8 21. Bxc7
Bxb2 22. Nxb2 Rxc7 23. e4 Ng7 24. a4 Bd7 25. Nc4 Be6 26. a5 Bxc4 27. bxc4 Ne6
28. f4 Nd4 29. e5 Rb8 30. Rdb1 Nc2 31. Ra2 Nb4 32. Rd2 Kg7 33. Rbd1 b5 34. axb6
Rxb6 35. Rd8 Nc6 36. R8d7 Rxd7 37. Rxd7 Nd4 38. Rxe7 Rb1+ 39. Kf2 Rb2+ 40. Kf1
Nf5 0-1